[Event "Ambalangoda Dhamso op 8th"]
[Site "Ambalangoda"]
[Date "2018.04.19"]
[Round "2"]
[White "De Silva, TH Harshana"]
[Black "Kumara, CMS Praneeth"]
[Result "0-1"]
[WhiteElo "1161"]
[BlackElo "1836"]
[PlyCount "44"]
[EventDate "2018.04.19"]
[EventType "swiss"]
[EventRounds "9"]
[EventCountry "SRI"]
[SourceTitle "CBM 184 Extra"]
[Source "ChessBase"]
[SourceDate "2018.06.28"]
[SourceVersion "1"]
[SourceVersionDate "2018.06.28"]
[SourceQuality "1"]

1. d4 g6 2. c4 Bg7 3. Nc3 d6 4. e4 Nc6 5. Nf3 e5 6. d5 Nce7 7. Bd3 f5 8. 0-0 Nf6 9. Ng5 f4 10. g3 h6 11. Nf3 g5 12. Kg2 Ng6 13. h3 0-0 14. g4 h5 15. gxh5 Nxh5 16. Bc2 g4 17. hxg4 Bxg4 18. Qe1 Nh4+ 19. Nxh4 f3+ 20. Nxf3 Bxf3+ 21. Kg1 Qh4 22. Qd2 Qh1# 0-1